The Unhealthiest Fast Food in America Quiz Stats

Quiz Updated Dec 23, 2015

Also try: Fast Food Matchup
Challenge
Share
Tweet
Embed
Score 0/10 Timer 04:00
1 Play Today
Ranking Fast Food Restaurant % Correct
10Burger King
92.9%
7Wendy's
82.6%
2Carl's Jr.
51.6%
5Arby's
50.3%
1Sonic
35%
6Jack in the Box
32.7%
8Chick-fil-A
25.7%
9Checkers
17.8%
4Quiznos
14.8%
3Whataburger
13.5%

You're not logged in!

Compare scores with friends on all Sporcle quizzes.
Sign Up with Email
OR
Log In

You Might Also Like...

Show Comments

Extras

Top Quizzes Today


Score Distribution

Your Account Isn't Verified!

In order to create a playlist on Sporcle, you need to verify the email address you used during registration. Go to your Sporcle Settings to finish the process.